LIBRARY & INFORMATION CENTRE, KCAET, TAVANUR

ONLINE PUBLIC ACCESS CATALOGUE (OPAC)

Gold Smith: She stoops to conquer / (Record no. 6105)

MARC details
000 -LEADER
fixed length control field 00383cam a2200145ua 4500
041 ## - LANGUAGE CODE
Language code of text/sound track or separate title eng
082 ## - DEWEY DECIMAL CLASSIFICATION NUMBER
Classification number 822
Item number CHA/GO
100 ## - MAIN ENTRY--AUTHOR NAME
Personal name Chatwin, G A F M .
245 ## - TITLE STATEMENT
Title Gold Smith: She stoops to conquer /
260 ## - PUBLICATION, DISTRIBUTION, ETC. (IMPRINT)
Place of publication London :
Name of publisher Oxford at the Clarendon Press ,
Year of publication 1961.
300 ## - PHYSICAL DESCRIPTION
Number of Pages 100 ; .
942 ## - ADDED ENTRY ELEMENTS (KOHA)
Koha item type Books
Holdings
Withdrawn status Lost status Damaged status Home library Current library Date acquired Full call number Accession Number Koha item type Public note
Withdrawn     KAUAET KAUAET 07/04/2012 822 5268 Books Deleted
      KAUAET KAUAET 13/11/2023 822 CHA/GO 10536 Books  
free website counter